Možnosti zlepšenia skladovania vo vybranom podniku diplomová práca

Gespeichert in:
Bibliographische Detailangaben
1. Verfasser: Jalčová, Andrea
Körperschaft: Podnikovohospodárska fakulta EU so sídlom v Košiciach. Katedra obchodného podnikania
Weitere Verfasser: Gajdoš, Jozef, 1962-2025
Format: Buch
Sprache:Slowakisch
Veröffentlicht: Košice 2017
Tags: Tag hinzufügen
Keine Tags, Fügen Sie das erste Tag hinzu!

MARC

LEADER 00000nbm a2200000 4500
001 0231537
005 20171121125805.3
041 0 |a slo 
044 |a SK 
245 1 0 |a Možnosti zlepšenia skladovania vo vybranom podniku  |b diplomová práca  |c Andrea Jalčová ; školiteľ: Jozef Gajdoš 
264 1 |a Košice  |c 2017 
300 |a 70 s. 
100 1 |a Jalčová, Andrea 
700 1 |a Gajdoš, Jozef, 1962-2025 
710 2 |a Podnikovohospodárska fakulta EU so sídlom v Košiciach. Katedra obchodného podnikania